[Event "Police Gniota Memorial 30th"]
[Site "Police"]
[Date "2015.07.11"]
[Round "4"]
[White "Jacek, Roksana"]
[Black "Issel, Oliver"]
[Result "1-0"]
[WhiteElo "1904"]
[BlackElo "2074"]
[PlyCount "57"]
[EventDate "2015.07.08"]
[EventType "swiss"]
[EventRounds "9"]
[EventCountry "POL"]
[SourceTitle "CBM 167 Extra"]
[Source "ChessBase"]
[SourceDate "2015.09.14"]
[SourceVersion "1"]
[SourceVersionDate "2015.09.14"]
[SourceQuality "1"]

1. e4 g6 2. d4 Bg7 3. Nf3 d6 4. Bd3 e6 5. 0-0 Ne7 6. c3 Nd7 7. Re1 e5 8. Bg5 h6 9. Bh4 g5 10. Bg3 Ng6 11. dxe5 dxe5 12. Bc4 0-0 13. Na3 a6 14. Nc2 Nc5 15. Qe2 Qf6 16. Ne3 c6 17. Nd2 b5 18. Bb3 Rd8 19. Bc2 Nf4 20. Bxf4 exf4 21. Nf5 Bxf5 22. exf5 Rd7 23. Nf3 Rad8 24. Nd4 Nb7 25. Qf3 c5 26. Nc6 Rc8 27. Ne5 Qxe5 28. Rxe5 Bxe5 29. f6 1-0

[Event "Berlin Lichtenberger op 13th"]
[Site "Berlin"]
[Date "2014.08.20"]
[Round "5"]
[White "Tonndorf, Matthias"]
[Black "Issel, Oliver"]
[Result "1-0"]
[WhiteElo "2263"]
[BlackElo "2071"]
[PlyCount "97"]
[EventDate "2014.08.16"]
[EventType "swiss"]
[EventRounds "9"]
[EventCountry "GER"]
[SourceTitle "CBM 161 Extra"]
[Source "ChessBase"]
[SourceDate "2014.08.29"]
[SourceVersion "1"]
[SourceVersionDate "2014.08.29"]
[SourceQuality "1"]

1. e4 g6 2. Bc4 Bg7 3. d4 e6 4. Nc3 Ne7 5. d5 0-0 6. Nf3 b6 7. dxe6 dxe6 8. Qxd8 Rxd8 9. Bg5 Kf8 10. 0-0 a6 11. Rfd1 Rxd1+ 12. Rxd1 Ke8 13. Bf4 Ra7 14. a4 Nbc6 15. h4 e5 16. Be3 Bg4 17. Be2 Bxf3 18. Bxf3 Nd4 19. Bxd4 exd4 20. Ne2 c5 21. Nf4 Rc7 22. b3 Bh6 23. g3 Bxf4 24. gxf4 Nc6 25. e5 Nb4 26. Be4 Re7 27. f3 Na2 28. Kf2 Kd7 29. Rh1 Nc3 30. Bd3 Nd5 31. Kg3 Nb4 32. Be4 Ke6 33. h5 Nd5 34. hxg6 hxg6 35. Rh6 Ne3 36. Rh8 Rc7 37. Rb8 Nd5 38. Bxd5+ Kxd5 39. Rxb6 c4 40. Rxa6 cxb3 41. cxb3 Rb7 42. Rf6 Kc5 43. a5 Rxb3 44. Rxf7 Ra3 45. Rc7+ Kb4 46. Rd7 Kc4 47. e6 Re3 48. e7 Re6 49. a6 1-0

[Event "Berlin Lichtenberger op 13th"]
[Site "Berlin"]
[Date "2014.08.17"]
[Round "2"]
[White "Issel, Oliver"]
[Black "Kurayan, Ruslan"]
[Result "0-1"]
[WhiteElo "2071"]
[BlackElo "2398"]
[PlyCount "90"]
[EventDate "2014.08.16"]
[EventType "swiss"]
[EventRounds "9"]
[EventCountry "GER"]
[SourceTitle "CBM 161 Extra"]
[Source "ChessBase"]
[SourceDate "2014.08.29"]
[SourceVersion "1"]
[SourceVersionDate "2014.08.29"]
[SourceQuality "1"]

1. g3 Nf6 2. Bg2 g6 3. c4 Bg7 4. Nc3 0-0 5. e4 c5 6. Nge2 Nc6 7. 0-0 Ne8 8. a3 a6 9. Rb1 b5 10. cxb5 axb5 11. b4 cxb4 12. axb4 Nc7 13. d4 d6 14. Be3 Bg4 15. Qd2 Bxe2 16. Nxe2 d5 17. Rfc1 Ra6 18. e5 Qd7 19. Nf4 Rb8 20. Nd3 Qe8 21. Nc5 Ra7 22. Rc2 e6 23. Rbc1 Ne7 24. f4 Na8 25. Ra2 Rxa2 26. Qxa2 Nb6 27. Ra1 Ra8 28. Qb1 Nc4 29. Bf2 Nc6 30. Bf1 Bf8 31. Rxa8 Qxa8 32. Nd7 Bxb4 33. Bxc4 dxc4 34. Qe4 c3 35. Nf6+ Kg7 36. f5 exf5 37. Qh4 h5 38. Qg5 c2 39. Be3 Qh8 40. Nd7 Be7 41. Qf4 Nb4 42. Bd2 Nd3 43. Qe3 Qc8 44. Qxd3 Qxd7 45. d5 Qc7 0-1

[Event "Berlin-ch Class-A"]
[Site "Berlin"]
[Date "2009.05.23"]
[Round "6"]
[White "Goetze, Frank"]
[Black "Issel, Oliver"]
[Result "1/2-1/2"]
[WhiteElo "2021"]
[BlackElo "2112"]
[PlyCount "37"]
[EventDate "2009.05.20"]
[EventType "tourn"]
[EventRounds "7"]
[EventCountry "GER"]
[SourceTitle "EXT 2012"]
[Source "ChessBase"]
[SourceDate "2011.11.24"]
[SourceVersion "1"]
[SourceVersionDate "2011.11.24"]
[SourceQuality "1"]

1. d4 Nf6 2. c4 e6 3. Nf3 d5 4. Nc3 Be7 5. Bf4 0-0 6. e3 c5 7. Rc1 cxd4 8. exd4 dxc4 9. Bxc4 a6 10. a4 Nc6 11. 0-0 Qb6 12. Qb3 Qxb3 13. Bxb3 Rd8 14. Rfd1 Bd7 15. h3 Be8 16. Bc7 Rdc8 17. Bf4 Rd8 18. Bc7 Rdc8 19. Bf4 1/2-1/2

[Event "Berlin-ch Class-A"]
[Site "Berlin"]
[Date "2009.05.22"]
[Round "4"]
[White "Issel, Oliver"]
[Black "Muskewitz, Bernd"]
[Result "1-0"]
[WhiteElo "2112"]
[BlackElo "2015"]
[PlyCount "103"]
[EventDate "2009.05.20"]
[EventType "tourn"]
[EventRounds "7"]
[EventCountry "GER"]
[SourceTitle "EXT 2012"]
[Source "ChessBase"]
[SourceDate "2011.11.24"]
[SourceVersion "1"]
[SourceVersionDate "2011.11.24"]
[SourceQuality "1"]

1. d4 d5 2. Bg5 Nf6 3. Bxf6 exf6 4. e3 Bd6 5. c4 dxc4 6. Bxc4 0-0 7. Nd2 f5 8. Ngf3 Nd7 9. 0-0 c5 10. Nb3 b6 11. dxc5 Nxc5 12. Nxc5 Bxc5 13. Qxd8 Rxd8 14. Ng5 Rf8 15. Rfd1 Be7 16. Bd5 Rb8 17. Nf3 Bf6 18. Nd4 Bb7 19. Bxb7 Rxb7 20. Rd2 g6 21. Rad1 Rd7 22. Kf1 Rfd8 23. Ke2 f4 24. Nc6 Rxd2+ 25. Rxd2 Rxd2+ 26. Kxd2 fxe3+ 27. Kxe3 Bxb2 28. Nxa7 Kf8 29. Ke4 Ba3 30. Kd5 Bc5 31. f3 Bg1 32. h3 Ke8 33. Kc6 Kd8 34. Nb5 f5 35. Nc3 Kc8 36. Nd5 Kb8 37. Nxb6 Ka7 38. Nd5 Ka6 39. Kd6 Kb5 40. Ke6 Kc4 41. Nf6 Kd3 42. Nxh7 Ke3 43. Nf8 Kf2 44. Nxg6 Kxg2 45. f4 Kxh3 46. Kxf5 Kg3 47. Ke6 Kg4 48. a4 Kh5 49. f5 Kh6 50. Ne5 Kg7 51. Nc6 Kf8 52. a5 1-0

[Event "Berlin-ch Class-A"]
[Site "Berlin"]
[Date "2009.05.21"]
[Round "2"]
[White "Issel, Oliver"]
[Black "Arndt, Uwe"]
[Result "1-0"]
[WhiteElo "2112"]
[BlackElo "2024"]
[PlyCount "45"]
[EventDate "2009.05.20"]
[EventType "tourn"]
[EventRounds "7"]
[EventCountry "GER"]
[SourceTitle "EXT 2012"]
[Source "ChessBase"]
[SourceDate "2011.11.24"]
[SourceVersion "1"]
[SourceVersionDate "2011.11.24"]
[SourceQuality "1"]

1. g3 d5 2. Bg2 Nf6 3. Nf3 e6 4. 0-0 Be7 5. c4 dxc4 6. Qa4+ c6 7. Qxc4 b5 8. Qc2 Bb7 9. d4 Nbd7 10. Nbd2 c5 11. a4 b4 12. dxc5 Nxc5 13. Rd1 Qa5 14. Nc4 Qa6 15. Nd4 Rc8 16. Nb5 Bd5 17. Bxd5 b3 18. Ncd6+ Kf8 19. Bxb3 Nxb3 20. Nxc8 Nxa1 21. Qc7 Bb4 22. Rd8+ Ne8 23. Qd7 1-0

[Event "Police Gniota Memorial 23rd"]
[Site "Police"]
[Date "2008.07.10"]
[Round "2"]
[White "Issel, Oliver"]
[Black "Rudnicki, Milosz"]
[Result "0-1"]
[WhiteElo "2118"]
[BlackElo "2197"]
[PlyCount "168"]
[EventDate "2008.07.09"]
[EventType "swiss"]
[EventRounds "9"]
[EventCountry "POL"]
[SourceTitle "CBM 125 Extra"]
[Source "ChessBase"]
[SourceDate "2008.09.01"]
[SourceVersion "1"]
[SourceVersionDate "2008.09.01"]
[SourceQuality "1"]

1. g3 Nf6 2. Bg2 e5 3. c4 d5 4. cxd5 Nxd5 5. Nc3 Nb6 6. Nf3 Nc6 7. d3 Be7 8. 0-0 0-0 9. Be3 Bg4 10. Na4 Nd4 11. Bxd4 exd4 12. Ne5 Bc8 13. Rc1 Bf6 14. Nf3 Nxa4 15. Qxa4 c6 16. Qb4 Qb6 17. Qxb6 axb6 18. a3 Re8 19. Rfe1 Be6 20. Nd2 Be5 21. Nf3 Bf6 22. Nd2 Bd8 23. Ne4 Bc7 24. Kf1 h6 25. Nd2 Red8 26. Rc2 Ra4 27. Rec1 Kf8 28. Ra1 Ke7 29. Rac1 g6 30. Rb1 f5 31. Rbc1 g5 32. Rb1 Rd7 33. Rbc1 Ra8 34. Rb1 Kf6 35. Rbc1 Rh8 36. Kg1 h5 37. Rb1 h4 38. Rbc1 hxg3 39. hxg3 Bd8 40. Rb1 b5 41. Rbc1 Be7 42. Ra1 Ra8 43. Rcc1 Kf7 44. Rab1 g4 45. Rc2 Bg5 46. Rd1 Ke7 47. Rb1 Kd6 48. Rd1 Rc8 49. Re1 c5 50. e3 dxe3 51. fxe3 Bf6 52. Kf2 Rh8 53. Rh1 Rxh1 54. Bxh1 b6 55. Bg2 Bd5 56. Bxd5 Kxd5 57. Nf1 Be5 58. Rd2 Kc6 59. Ke2 Bf6 60. Rc2 Re7 61. Kf2 Kd5 62. Nd2 Bg5 63. Nf1 c4 64. d4 Re6 65. Re2 Be7 66. Nd2 b4 67. axb4 Bxb4 68. Nb1 b5 69. Nc3+ Bxc3 70. bxc3 Ke4 71. Rb2 Kd3 72. Rxb5 Rxe3 73. Rxf5 Re2+ 74. Kf1 Rh2 75. d5 Kxc3 76. Rf4 Kb3 77. Rf8 c3 78. Rb8+ Kc4 79. Rc8+ Kb3 80. Rb8+ Kc2 81. Ke1 Rh5 82. Rb4 Re5+ 83. Kf2 Rxd5 84. Ke2 Re5+ 0-1

[Event "Guben op 11th"]
[Site "Guben"]
[Date "2008.01.05"]
[Round "4"]
[White "Schulz, Karsten"]
[Black "Issel, Oliver"]
[Result "1/2-1/2"]
[WhiteElo "2313"]
[BlackElo "2117"]
[PlyCount "39"]
[EventDate "2008.01.02"]
[EventType "swiss"]
[EventRounds "9"]
[EventCountry "GER"]
[SourceTitle "CBM 122 Extra"]
[Source "ChessBase"]
[SourceDate "2008.03.04"]
[SourceVersion "1"]
[SourceVersionDate "2008.03.04"]
[SourceQuality "1"]

1. Nf3 Nf6 2. g3 b6 3. Bg2 Bb7 4. 0-0 e6 5. c4 Be7 6. b3 0-0 7. Bb2 c5 8. Nc3 a6 9. e3 d5 10. d3 Qc7 11. Qe2 Nbd7 12. Rac1 Rfd8 13. Rfd1 Qb8 14. cxd5 Nxd5 15. Nxd5 Bxd5 16. d4 Qb7 17. dxc5 Bxc5 18. Ne1 Bxg2 19. Nxg2 Be7 20. Nf4 1/2-1/2

[Event "Berlin Herbst op"]
[Site "Berlin"]
[Date "2007.10.21"]
[Round "8"]
[White "Gebigke, Martin"]
[Black "Issel, Oliver"]
[Result "1-0"]
[WhiteElo "2181"]
[BlackElo "2113"]
[PlyCount "65"]
[EventDate "2007.10.14"]
[EventType "swiss"]
[EventRounds "9"]
[EventCountry "GER"]
[SourceTitle "EXT 2008"]
[Source "ChessBase"]
[SourceDate "2007.11.25"]
[SourceVersion "1"]
[SourceVersionDate "2007.11.25"]
[SourceQuality "1"]

1. d4 e6 2. e4 d5 3. Nd2 g6 4. Ngf3 Ne7 5. Bd3 Bg7 6. h4 h5 7. c3 Nd7 8. Qe2 c5 9. 0-0 Bh6 10. Re1 0-0 11. Ng5 Bxg5 12. hxg5 e5 13. Nf3 cxd4 14. cxd4 exd4 15. e5 Nc5 16. Nxd4 Nxd3 17. Qxd3 Be6 18. Bd2 Kg7 19. Bc3 Qd7 20. Re3 Nf5 21. Rf3 Nxd4 22. Qxd4 Rfc8 23. Rd1 Qe7 24. Rf6 Rc4 25. Qd3 Rac8 26. Bd4 b6 27. a3 Qc7 28. Kh2 Rc1 29. Rd2 Rc2 30. Bc3 Rxd2 31. Qxd2 Qd7 32. Rf4 Rc4 33. Rxc4 1-0

[Event "Berlin Herbst op"]
[Site "Berlin"]
[Date "2007.10.20"]
[Round "7"]
[White "Issel, Oliver"]
[Black "Kiesewetter, Peter"]
[Result "1-0"]
[WhiteElo "2113"]
[BlackElo "1689"]
[PlyCount "177"]
[EventDate "2007.10.14"]
[EventType "swiss"]
[EventRounds "9"]
[EventCountry "GER"]
[SourceTitle "EXT 2008"]
[Source "ChessBase"]
[SourceDate "2007.11.25"]
[SourceVersion "1"]
[SourceVersionDate "2007.11.25"]
[SourceQuality "1"]

1. g3 e6 2. Bg2 d5 3. Nf3 c6 4. 0-0 Nf6 5. d3 Nbd7 6. Nbd2 Be7 7. e4 Qc7 8. Re1 e5 9. Qe2 Bd6 10. d4 dxe4 11. Nxe4 Nxe4 12. Qxe4 Nf6 13. Qh4 e4 14. Nd2 Bf5 15. Nxe4 Bxe4 16. Bxe4 0-0-0 17. Bg5 Be7 18. Bf5+ Kb8 19. Bf4 Bd6 20. Bxd6 Qxd6 21. c3 Rde8 22. Bc2 Re7 23. Qg5 Rhe8 24. Qd2 c5 25. Rxe7 Rxe7 26. Re1 Rxe1+ 27. Qxe1 cxd4 28. Qd2 d3 29. Qxd3 Qb6 30. Bb3 Ng4 31. Qf5 Nf6 32. Qe5+ Ka8 33. Qe7 a5 34. h3 a4 35. Qa3 Kb8 36. Qxa4 Qc7 37. Qd4 Qe7 38. Kf1 Qc7 39. f4 Qc8 40. Kg2 Qc6+ 41. Kg1 Qf3 42. Qf2 Qd3 43. Bc2 Qd5 44. a3 Ne4 45. Qe3 f5 46. Bxe4 fxe4 47. Qd4 Qa2 48. Qxe4 Qa1+ 49. Kf2 Qxb2+ 50. Qe2 Qxa3 51. Qe5+ Ka8 52. Qxg7 Qa2+ 53. Kf3 Qb1 54. Kg4 Qd1+ 55. Kh4 Qd8+ 56. Qg5 Qc8 57. Qa5+ Kb8 58. Qe5+ Ka8 59. g4 Qf8 60. g5 h6 61. Qf6 hxg5+ 62. fxg5 Qg8 63. g6 Qc4+ 64. Qd4 Qe6 65. Qa4+ Kb8 66. Qf4+ Ka7 67. g7 Qe7+ 68. Qg5 Qe4+ 69. Kg3 Qe1+ 70. Kf4 Qd2+ 71. Kg4 Qe2+ 72. Kf5 Qf3+ 73. Kg6 Qd3+ 74. Kf7 Qd7+ 75. Kg6 Qd3+ 76. Qf5 Qg3+ 77. Qg4 Qd6+ 78. Kh7 Qd3+ 79. Kh6 Qe3+ 80. Kh5 Qe5+ 81. Kg6 Qd6+ 82. Kf5 Qd7+ 83. Kf4 Qd2+ 84. Kf3 Qxc3+ 85. Kg2 Qd2+ 86. Kh1 Qd5+ 87. Kh2 Qd2+ 88. Qg2 Qd6+ 89. Kh1 1-0

[Event "Police Gniota Memorial 22nd"]
[Site "Police"]
[Date "2007.07.19"]
[Round "9"]
[White "Radwan, Leszek"]
[Black "Issel, Oliver"]
[Result "1-0"]
[WhiteElo "2170"]
[BlackElo "2127"]
[PlyCount "63"]
[EventDate "2007.07.11"]
[EventType "swiss"]
[EventRounds "9"]
[EventCountry "POL"]
[SourceTitle "CBM 119 Extra"]
[Source "ChessBase"]
[SourceDate "2007.09.04"]
[SourceVersion "1"]
[SourceVersionDate "2007.09.04"]
[SourceQuality "1"]

1. d4 f5 2. c4 Nf6 3. g3 g6 4. Bg2 Bg7 5. Nc3 0-0 6. Nf3 d6 7. 0-0 Qe8 8. d5 Na6 9. Nd4 Bd7 10. Rb1 c5 11. Ndb5 h6 12. e3 Qc8 13. b3 Nc7 14. Nxc7 Qxc7 15. Bb2 a6 16. a4 Qb8 17. Qd3 Qe8 18. Ne2 b5 19. axb5 axb5 20. Bxf6 Bxf6 21. Nf4 Ra3 22. Qe2 b4 23. Ne6 Bxe6 24. dxe6 Qc8 25. Rfd1 Kg7 26. Bd5 Qc7 27. g4 Bc3 28. gxf5 Rxf5 29. f4 Qc8 30. Kh1 Rf6 31. Rg1 Rxe6 32. Qg4 1-0

[Event "Police Gniota Memorial 22nd"]
[Site "Police"]
[Date "2007.07.17"]
[Round "7"]
[White "Maliszewski, Jaroslaw"]
[Black "Issel, Oliver"]
[Result "0-1"]
[WhiteElo "1942"]
[BlackElo "2127"]
[PlyCount "52"]
[EventDate "2007.07.11"]
[EventType "swiss"]
[EventRounds "9"]
[EventCountry "POL"]
[SourceTitle "CBM 119 Extra"]
[Source "ChessBase"]
[SourceDate "2007.09.04"]
[SourceVersion "1"]
[SourceVersionDate "2007.09.04"]
[SourceQuality "1"]

1. c4 e6 2. e4 d5 3. exd5 exd5 4. cxd5 Nf6 5. Bb5+ Nbd7 6. Nc3 Be7 7. Nge2 0-0 8. d4 Nb6 9. 0-0 Nbxd5 10. Re1 Bg4 11. Qb3 Be6 12. Bc4 Nxc3 13. bxc3 Bxc4 14. Qxc4 Nd5 15. Nf4 Nb6 16. Qb5 a6 17. Qh5 Qd6 18. Nd3 Bf6 19. Bf4 Qc6 20. Rac1 Rfe8 21. Be5 Nc4 22. Nb4 Qe6 23. f4 Bxe5 24. fxe5 Rad8 25. Nd3 b6 26. Nf4 Qe7 0-1

[Event "Berlin Lichtenrade op 02nd"]
[Site "Berlin"]
[Date "2005.10.02"]
[Round "2"]
[White "Issel, Oliver"]
[Black "Friedrich, Wiede"]
[Result "1-0"]
[WhiteElo "2158"]
[BlackElo "1944"]
[PlyCount "47"]
[EventDate "2005.10.01"]
[EventType "swiss"]
[EventRounds "9"]
[EventCountry "GER"]
[SourceTitle "CBM 108 Extra"]
[Source "ChessBase"]
[SourceDate "2005.11.04"]
[SourceVersion "1"]
[SourceVersionDate "2005.11.04"]
[SourceQuality "1"]

1. Nf3 d6 2. d4 Nf6 3. Bg5 Nbd7 4. e3 g6 5. Be2 Bg7 6. 0-0 0-0 7. c4 Ne4 8. Bh4 Qe8 9. Qc2 Nef6 10. Nc3 c6 11. b4 a5 12. a3 e5 13. Rfe1 axb4 14. axb4 Rxa1 15. Rxa1 exd4 16. Nxd4 Nb6 17. Rd1 Bg4 18. Bxf6 Bxe2 19. Ndxe2 Bxf6 20. Ne4 Qe5 21. Nxd6 Rd8 22. c5 Nd5 23. Qb3 Qh5 24. Nf4 1-0

[Event "Lasker Memorial op"]
[Site "Barlinek"]
[Date "2002.07.27"]
[Round "9"]
[White "Issel, Oliver"]
[Black "Akvist, Hakan"]
[Result "1/2-1/2"]
[WhiteElo "2242"]
[BlackElo "2281"]
[PlyCount "48"]
[EventDate "2002.07.19"]
[EventType "swiss"]
[EventRounds "9"]
[EventCountry "POL"]
[SourceTitle "CBM 089 Extra"]
[Source "ChessBase"]
[SourceDate "2002.09.10"]
[SourceVersion "2"]
[SourceVersionDate "2002.09.10"]
[SourceQuality "1"]

1. e4 d6 2. d3 g6 3. g3 Bg7 4. Bg2 c5 5. f4 Nc6 6. c3 e6 7. Be3 Nge7 8. Nf3 b6 9. d4 Bb7 10. 0-0 Qd7 11. Nbd2 cxd4 12. cxd4 d5 13. e5 Ba6 14. Re1 Nb4 15. Nb1 Rc8 16. Na3 0-0 17. Bf1 Bxf1 18. Rxf1 Rc7 19. Qb3 Nbc6 20. Rfc1 Rfc8 21. Bd2 Nf5 22. Nb5 Rb7 23. g4 a6 24. gxf5 axb5 1/2-1/2

[Event "Lasker Memorial op"]
[Site "Barlinek"]
[Date "2002.07.21"]
[Round "3"]
[White "Kaim, Piotr"]
[Black "Issel, Oliver"]
[Result "1-0"]
[WhiteElo "2293"]
[BlackElo "2242"]
[PlyCount "99"]
[EventDate "2002.07.19"]
[EventType "swiss"]
[EventRounds "9"]
[EventCountry "POL"]
[SourceTitle "CBM 089 Extra"]
[Source "ChessBase"]
[SourceDate "2002.09.10"]
[SourceVersion "2"]
[SourceVersionDate "2002.09.10"]
[SourceQuality "1"]

1. d4 f5 2. Nc3 Nf6 3. g4 d5 4. gxf5 Bxf5 5. Bf4 c5 6. e3 Nc6 7. Bd3 e6 8. Nge2 Bg4 9. Bb5 Be7 10. Qd2 0-0 11. 0-0-0 cxd4 12. exd4 Bb4 13. Qe3 Qa5 14. f3 Bf5 15. Bxc6 bxc6 16. a3 Bxc3 17. Qxc3 Qd8 18. Ng3 Qd7 19. Nxf5 exf5 20. Rhg1 Rae8 21. Rd2 Qe6 22. Be5 Rf7 23. Re2 Nd7 24. Rge1 Nxe5 25. Rxe5 Qh6+ 26. Qd2 Rxe5 27. Rxe5 Qxd2+ 28. Kxd2 Kf8 29. Kc3 g5 30. Re6 g4 31. Kd2 Kg7 32. Rxc6 Re7 33. Rc3 Re6 34. fxg4 fxg4 35. Re3 Rf6 36. h3 h5 37. hxg4 hxg4 38. Rg3 Rf4 39. Ke3 Re4+ 40. Kd3 Kf6 41. c4 Kg5 42. cxd5 Re8 43. Re3 Rd8 44. Re7 a5 45. Ke4 Kf6 46. Re6+ Kg5 47. d6 a4 48. Kd5 g3 49. Kc6 Kf5 50. Re1 1-0

[Event "Nord West Cup 04th"]
[Site "Bad Zwischenahn"]
[Date "2002.??.??"]
[Round "4"]
[White "Kuenitz, Klaus"]
[Black "Issel, Oliver"]
[Result "0-1"]
[WhiteElo "2068"]
[BlackElo "2232"]
[PlyCount "114"]
[EventDate "2002.02.??"]
[EventType "swiss"]
[EventRounds "7"]
[EventCountry "GER"]
[SourceTitle "EXT 2003"]
[Source "ChessBase"]
[SourceDate "2002.11.25"]
[SourceVersion "1"]
[SourceVersionDate "2002.11.25"]
[SourceQuality "1"]

1. Nf3 Nf6 2. c4 e6 3. d4 Bb4+ 4. Nc3 c5 5. e3 0-0 6. Bd3 d5 7. 0-0 Nc6 8. a3 Bxc3 9. bxc3 dxc4 10. Bxc4 Qc7 11. Qe2 e5 12. h3 e4 13. Nh2 Na5 14. Ba2 c4 15. Rb1 Nb3 16. Bxb3 cxb3 17. c4 b5 18. cxb5 Be6 19. Qd2 Qc4 20. Qb4 Qxb4 21. axb4 Rfc8 22. Rd1 Rc2 23. Nf1 Rac8 24. Nd2 b2 25. Bxb2 Ba2 26. Rbc1 h6 27. Kf1 Bc4+ 28. Nxc4 R8xc4 29. Ba3 Nd5 30. Rxc2 Rxc2 31. Rc1 Ra2 32. Rc5 Nxe3+ 33. fxe3 Rxa3 34. Rc8+ Kh7 35. Ra8 Rxe3 36. Rxa7 Rd3 37. Rd7 Rb3 38. b6 Rxb4 39. b7 Kg6 40. Ke2 f5 41. Ke3 Kf6 42. h4 Rb3+ 43. Ke2 g6 44. Rd6+ Kf7 45. h5 Rxb7 46. Rxg6 f4 47. Rg4 Rb2+ 48. Kd1 Rf2 49. Ke1 e3 50. Rg6 Rd2 51. d5 Rxd5 52. Rxh6 Rg5 53. Rg6 Rxg6 54. hxg6+ Kxg6 55. Ke2 Kg5 56. g3 fxg3 57. Kxe3 Kg4 0-1

[Event "Saarlouis op 4th"]
[Site "Saarlouis"]
[Date "2001.05.20"]
[Round "3"]
[White "Horvath, Peter"]
[Black "Issel, Oliver"]
[Result "1/2-1/2"]
[WhiteElo "2416"]
[BlackElo "2236"]
[PlyCount "62"]
[EventDate "2001.05.??"]
[EventType "swiss"]
[EventRounds "9"]
[EventCountry "GER"]
[SourceTitle "EXT 2006"]
[Source "ChessBase"]
[SourceDate "2005.11.24"]
[SourceVersion "1"]
[SourceVersionDate "2005.11.24"]
[SourceQuality "1"]

1. d4 d5 2. c4 c6 3. Nf3 Nf6 4. Nc3 e6 5. cxd5 cxd5 6. Bg5 Be7 7. e3 h6 8. Bh4 0-0 9. Bd3 Nc6 10. 0-0 Bd7 11. Ne5 Be8 12. Rc1 Rc8 13. Bb1 Nd7 14. Qd3 f5 15. Nxc6 Rxc6 16. Bxe7 Qxe7 17. Nb5 Rb6 18. Nxa7 Rxb2 19. Rc2 Qb4 20. a3 Qb3 21. Rc3 Qa4 22. Nc8 Nb6 23. Nxb6 Rxb6 24. Qc2 Qxc2 25. Bxc2 Bc6 26. Rb1 Ra6 27. Bd3 Ra5 28. g3 Rfa8 29. Rbb3 R8a7 30. h4 Ba4 31. Rb2 Bc6 1/2-1/2

[Event "Saarlouis op 4th"]
[Site "Saarlouis"]
[Date "2001.05.20"]
[Round "2"]
[White "Issel, Oliver"]
[Black "Jenal, Ralph"]
[Result "1-0"]
[WhiteElo "2236"]
[BlackElo "2061"]
[PlyCount "85"]
[EventDate "2001.05.??"]
[EventType "swiss"]
[EventRounds "9"]
[EventCountry "GER"]
[SourceTitle "EXT 2006"]
[Source "ChessBase"]
[SourceDate "2005.11.24"]
[SourceVersion "1"]
[SourceVersionDate "2005.11.24"]
[SourceQuality "1"]

1. d4 Nc6 2. Nf3 d5 3. g3 Bg4 4. Bg2 Qd7 5. h3 Bf5 6. g4 Bg6 7. Nh4 Be4 8. f3 Bg6 9. Nxg6 hxg6 10. Bf4 e6 11. Bg3 Bd6 12. Bf2 Nge7 13. Nd2 g5 14. c3 Ng6 15. e3 Nce7 16. Qb3 c6 17. 0-0-0 a5 18. c4 a4 19. Qd3 c5 20. dxc5 Bxc5 21. Bg3 a3 22. b3 Nc6 23. Ne4 Nb4 24. Qd2 Qc6 25. Nxc5 Qxc5 26. Kb1 0-0 27. Be1 Nc6 28. cxd5 exd5 29. Bf2 Rfd8 30. h4 gxh4 31. f4 Rac8 32. Bxh4 Nxh4 33. Rxh4 Nb4 34. Be4 g6 35. Rdh1 Qc3 36. g5 Kf8 37. Qxc3 Rxc3 38. Bxg6 Rxe3 39. Bc2 Nxc2 40. Kxc2 Re2+ 41. Kd3 Rxa2 42. g6 Rg2 43. Rh8+ 1-0